000
00326nam a2200145Ia 4500
999
_c
14212
_d
14212
003
OSt
005
20260326134929.0
008
260210s9999 xx 000 0 und d
020
_a
9791189659233
082
_a
725.8
100
_a
Archilab
245
0
_a
Neighborhood Facility Vol 2
260
_b
Archilab
942
_c
BPLAN
_2
ddc